El proceso de convertirse en persona
Uloženo v:
| Hlavní autor: | |
|---|---|
| Médium: | Kniha |
| Jazyk: | španělština |
| Vydáno: |
Barcelona
Paidós
1983
|
| Edice: | Biblioteca de Psiquiatría, Psicopatología y Psicosomática
|
| Témata: | |
| Tagy: |
Přidat tag
Žádné tagy, Buďte první, kdo vytvoří štítek k tomuto záznamu!
|
MARC
| LEADER | 00000nam a2200000 a 4500 | ||
|---|---|---|---|
| 001 | UCR3447 | ||
| 003 | CL-VaPUC | ||
| 008 | 980124e19830000SP |||||||||||||||||spa|d | ||
| 082 | 0 | 4 | |a 616.8914 |b ROG |2 21 |
| 100 | 0 | |a Rogers, Carl |e author |9 307267 | |
| 245 | 1 | 3 | |a El proceso de convertirse en persona |
| 300 | |a 356 p | ||
| 942 | |c BK | ||
| 945 | |d 19980124 00:00:00 |a aolguin | ||
| 260 | |a Barcelona |b Paidós |c 1983 | ||
| 650 | 0 | |a Desarrollo Personal |9 390751 | |
| 650 | 0 | |a Psicología del desarrollo |9 307541 | |
| 650 | 7 | |a PSICOTERAPIA |2 CL-VaPUC |9 402338 | |
| 650 | 0 | |a Personas |9 255751 | |
| 650 | 0 | |a Filosofía |9 223554 | |
| 650 | 0 | |a Personalidad |9 307255 | |
| 650 | 0 | |a Investigación |9 257811 | |
| 650 | 0 | |a Aprendizaje |9 254827 | |
| 650 | 0 | |a Vida familiar |9 308049 | |
| 650 | 7 | |a GRUPO SOCIAL |2 CL-VaPUC |9 394395 | |
| 650 | 0 | |a Relaciones interpersonales |9 307056 | |
| 650 | 0 | |a Creatividad |9 310816 | |
| 650 | 0 | |a Conducta |9 269782 | |
| 583 | |a last modification |c 19980124 00:00:00 |k Rodrigo Vera | ||
| 490 | 0 | |a Biblioteca de Psiquiatría, Psicopatología y Psicosomática | |
| 999 | |c 266520 |d 266518 | ||
| 952 | |0 0 |1 0 |4 0 |6 616_891400000000000_ROG_1983 |7 0 |8 R |9 298212 |a BIBGIM |b BIBGIM |d 2019-11-20 |i 1939815 |o 616.8914 ROG 1983 |p 1939815 |r 2025-01-15 |w 2019-11-20 |y BK_R |k SSL | ||